000 00309nam a2200133 i 4500
001 bg
100 1 _aPICHET, Jerzy
245 0 _aMetalurgia procesów spawalniczych /
_cJ. Pichet.
260 _aPoznań,
_c1979.
040 _cBPK
041 _apol
942 _cKS
008 s pl f |000 0 pol
999 _c18875
_d18875
856 _uhttp://koha.tu.koszalin.pl/cgi-bin/koha/opac-detail.pl?biblionumber=18875
_yKatalog online BPK